Zvyšovanie miery platenia daní a poplatkov dizajn experimentu

Salvato in:
Dettagli Bibliografici
Autore principale: Čaplánová, Anetta, 1967-
Altri autori: Sirakovová, Eva, 1994-
Natura: Libro
Lingua:slovacco
Pubblicazione: Bratislava [Národohospodárska fakulta] 2020
Edizione:1. vydanie
Soggetti:
Tags: Aggiungi Tag
Nessun Tag, puoi essere il primo ad aggiungerne!!

MARC

LEADER 00000nlm a2200000 4500
001 0271066
005 20240717110049.3
041 0 |a slo 
044 |a SK 
245 1 0 |a Zvyšovanie miery platenia daní a poplatkov  |b dizajn experimentu  |c Anetta Čaplánová, Eva Sirakovová 
250 |a 1. vydanie 
264 1 |a Bratislava  |b [Národohospodárska fakulta]  |c 2020 
300 |a 35 s. 
610 2 0 |a povinnosť daňová 
610 2 0 |a poplatky 
610 2 0 |a experimenty 
610 2 0 |a správanie sociálne 
610 2 0 |a politika verejná 
610 2 0 |a samospráva miestna 
610 2 0 |a štatistika 
610 2 0 |a intervencie 
100 1 |a Čaplánová, Anetta, 1967- 
700 1 |a Sirakovová, Eva, 1994-